00400nam a2200121Ia 4500008004100000020001800041050002300059100002600082245010200108260003800210300002100248521000900269140527s9999 xx 000 0 und d a9789712360046 aKPM 810b.D44 2011 aDe Leon, Hector S. aThe law on obligations and contracts /cHector S. De Leon and Hector M. de Leon, Jr. aManila :bRex Book Store,cc2011. a465 p. :c23 cm. aBSBA